000 00867nam a22002537a 4500
001 3939
003 FISKH
005 20260202101254.0
008 240524b cb ||||| |||| 00| 0 eng d
040 _aFISK
_beng
_cFISK
_dFISK
050 _aE278.A7
082 _a973.3
100 _aSheinkin Steve
_d1968-
245 _aThe notorious benedict arnold /
_bA true story of adventure, heroism & treachery
_cby Steve Sheinkin
260 _aNew York :
_bScholastic ,
_c2012
300 _a337 pages :
_c20 cm
505 _aU
520 _aAn introduction to the life of Benedict Arnold that highlights not only the traitorous actions that made him legendary, but also his heroic involvement in the American Revolution.
521 8 _a990
_bLexile
521 8 _aU
_bRaz-Plus
700 _aSteve Sheinkin
942 _2ddc
_cBK
_n0
999 _c3939
_d3939